Pays frontalier du Brésil - Mort subite - Statistiques

Statistiques générales
  • Ce quiz a été pris 471 fois
  • Le résultat moyen est 7 sur 10
Answers on the Grid
Answers color-coded by a green-red scale on the quiz's grid according to % correct below.
Suriname
Chili
Guyana
Panama
Venezuela
Mexique
Colombie
Pérou
Espagne
Bolivie
Paraguay
Royaume-Uni
Uruguay
Argentine
France
Equateur
 
Statistiques - réponses
Réponse % Correct
Argentine
80%
Uruguay
71%
France
69%
Paraguay
69%
Suriname
68%
Guyana
67%
Bolivie
66%
Venezuela
61%
Colombie
54%
Pérou
53%
Aucun quiz correspondant
Distribution des résultats
% des personnes avec chaque résultat
Percentile par nombre de réponses
Votre historique - résultats
Vous n’avez pas pris ce quiz